000 00525nam a22001937a 4500
003 BD-DhUIB
005 20210314114318.0
008 210314b ||||| |||| 00| 0 eng d
020 _a0138181217
040 _aBD-DhUIB
_cBD-DhUIB
082 _222
_a300.18
100 _aDooley, David.
_976
245 _aSocial research methods /
_cDavid Dooley.
260 _aUnited Sates of America :
_bEnglewood Cliffs,
_cc1984.
300 _axvi, 430p. :
_bill. ;
_c24 cm.
526 _aBBA.
650 _2Social theory.
942 _2ddc
_cBK
999 _c39
_d39